Religión y música moderna (Record no. 189860)
[ view plain ]
| 000 -LEADER | |
|---|---|
| campo de control de longitud fija | 00703nam a2200193 i 4500 |
| 001 - NÚMERO DE CONTROL | |
| campo de control | 189860 |
| 003 - IDENTIFICADOR DE NÚMERO DE CONTROL | |
| campo de control | ES-MaACL |
| 005 - FECHA Y HORA DE LA ÚLTIMA TRANSACCIÓN | |
| campo de control | 20230906223555.0 |
| 008 - DATOS DE LONGITUD FIJA--INFORMACIÓN GENERAL | |
| campo de control de longitud fija | 191212s1969 sp |||| | spa d |
| 100 0# - ENTRADA PRINCIPAL--NOMBRE DE PERSONA | |
| Nombre de persona | Zenetti, Lothar. |
| 9 (RLIN) | 118179 |
| 245 10 - MENCIÓN DEL TÍTULO | |
| Título | Religión y música moderna |
| Resto del título | : jazz, spirituals, cantos beats y canciones modernas en la iglesia / |
| Mención de responsabilidad, etc. | Lothar Zanetti ; traducción del alemán por traducciones Diorki. |
| 260 ## - PUBLICACIÓN, DISTRIBUCIÓN, ETC. | |
| Lugar de publicación, distribución, etc. | Madrid : |
| Nombre del editor, distribuidor, etc. | Stvdivm, |
| Fecha de publicación, distribución, etc. | [1969] |
| 300 ## - DESCRIPCIÓN FÍSICA | |
| Extensión | 290 p. ; |
| Dimensiones | 18 cm. |
| 490 1# - MENCIÓN DE SERIE | |
| Mención de serie | Colección "Liturgia". Serie B ; |
| Designación de volumen o secuencia | 19 |
| 650 #4 - PUNTO DE ACCESO ADICIONAL DE MATERIA--TÉRMINO DE MATERIA | |
| Término de materia o nombre geográfico como elemento de entrada | Cantos religiosos. |
| 9 (RLIN) | 144783 |
| 830 0# - PUNTO DE ACCESO ADICIONAL DE SERIE-TÍTULO UNIFORME | |
| Título uniforme | Colección "Liturgia". Serie B ; |
| Designación de volumen o secuencia | 19 |
| 9 (RLIN) | 193441 |
| 852 ## - LOCALIZACIÓN | |
| Ubicación | ES-MaACL |
| Número de control de estantería | P-1182-8 |
| Estatus retirado | Estado de pérdida | Estado de daño | No para préstamo | Biblioteca de origen | Biblioteca actual | Ubicación en estantería | Fecha de adquisición | Fuente de adquisición | Total de préstamos | Signatura topográfica completa | Código de barras | Visto por última vez | Precio de reemplazo | Tipo de ítem Koha |
|---|---|---|---|---|---|---|---|---|---|---|---|---|---|---|
| Biblioteca del Ateneo de Madrid | Biblioteca del Ateneo de Madrid | Depósito 2 | 12/12/2019 | P-1182-8 | 1201389 | 23/02/2023 | 23/02/2023 | Libro impreso |
